000 00408nam a2200133Ia 4500
008 100328s9999 xx 000 0 und d
082 _b33920
100 _aहरकारे अरुण.
245 _aकरावं तसं भरावं
260 _bरावजी
630 _aकरावं तसं भरावं
730 _aकरावं तसं भरावं
942 _cBOOK
999 _c524224
_d524221